Aplicación de herramientas computacionales al estudio morfotaxonómico del género Merremia (Convolvulaceae) en Venezuela (Registro n. 328930)
[ somente texto ]
| 000 -LÍDER | |
|---|---|
| fixed length control field | 03985nab a2200337 i 4500 |
| 003 - CÓDIGO MARC DA AGÊNCIA CATALOGADORA | |
| Campo de controle | BR-BrBNA |
| 005 - DATA E HORA DA ÚLTIMA ATUALIZAÇÃO | |
| Campo de controle | 20241129105504.0 |
| 008 - CAMPO DE TAMANHO FIXO | |
| fixed length control field | 241129b2010 bl.qr|pooa||| 00| 0 spa | |
| 040 ## - FONTE DA CATALOGAÇÃO | |
| Agência catalogadora | BR-BrBNA |
| Idioma da catalogação | spa |
| 072 ## - CATEGORIA AGRIS | |
| Código AGRIS | U10 |
| 072 ## - CATEGORIA AGRIS | |
| Código AGRIS | F70 |
| 100 ## - ENTRADA PRINCIPAL - NOME PESSOAL | |
| Nome pessoal | Ferrer-Pereira, Hernán |
| 100 ## - ENTRADA PRINCIPAL - NOME PESSOAL | |
| Nome pessoal | Vivas-Arroyo, Yuribia |
| 100 ## - ENTRADA PRINCIPAL - NOME PESSOAL | |
| Nome pessoal | Hokche, Omaira |
| 100 ## - ENTRADA PRINCIPAL - NOME PESSOAL | |
| Nome pessoal | Nozawa, Shingo |
| 100 ## - ENTRADA PRINCIPAL - NOME PESSOAL | |
| Nome pessoal | Pérez-Cortéz, Silvia |
| 100 ## - ENTRADA PRINCIPAL - NOME PESSOAL | |
| Nome pessoal | Rodríguez, Leyda |
| 100 ## - ENTRADA PRINCIPAL - NOME PESSOAL | |
| Nome pessoal | Mostacero, Julián |
| 100 ## - ENTRADA PRINCIPAL - NOME PESSOAL | |
| Nome pessoal | Estrada-Sánchez, Javier |
| 245 ## - TÍTULO PRINCIPAL | |
| Título principal | Aplicación de herramientas computacionales al estudio morfotaxonómico del género Merremia (Convolvulaceae) en Venezuela |
| 500 ## - NOTA GERAL | |
| Nota geral | Publicação on-line; 24 ref.; 5 illus.; Summaries (En, Es) |
| 942 ## - ADDED ENTRY ELEMENTS (KOHA) | |
| Koha item type | Analítica |
| 520 ## - NOTA DE RESUMO | |
| Nota de conteúdo | <br/>Resumen<br/><br/>La implementación de programas computacionales es una alternativa para facilitar la caracterización objetiva de los<br/>taxones. En la revisión de Merremia para Venezuela, se empleó el lenguaje y los programas informáticos del Sistema<br/>DELTA. Para la definición de la tabla de caracteres/estados se analizaron las descripciones publicadas sobre los taxones<br/>registrados para Venezuela y se contrastaron con la variabilidad observada en 129 Unidades Taxonómicas Operacionales<br/>(UTOs) (especímenes de los herbarios VEN, MY y PORT, fototipos y descripciones), resultando en una matriz de 209<br/>caracteres cuantitativos y cualitativos. Con el Editor de Delta se codificó la variabilidad morfológica de las 129 UTOs y se<br/>obtuvieron matrices de distancias, analizadas con el programa PAST para establecer la delimitación taxonómica mediante<br/>los análisis multivariantes de ordenamiento y clasificación. Las descripciones de los UTOs reconocidos como correspondientes<br/>a cada taxón en los análisis multivariantes se consolidaron usando INTKEY. Estas últimas fueron reintroducidas en Editor<br/>DELTA para elaborar las descripciones en lenguaje natural y las claves, tanto multientrada para INTKEY como dicotómicas.<br/>Los resultados obtenidos corroboraron la presencia de 12 especies de Merremia en Venezuela y permitieron el reconocimiento<br/>de nuevos caracteres útiles para la diferenciación entre taxones.<br/><br/>Palabras clave: análisis de similitud, DELTA, INTKEY, morfología. |
| 520 ## - NOTA DE RESUMO | |
| Nota de conteúdo | <br/>Abstract<br/><br/>The implementation of software is an alternative to help with objective characterization of taxa. In a review of<br/>Merremia for Venezuela the language and software of the DELTA system were used. To define the table of<br/>characters/states, published descriptions of the taxa recorded in Venezuela were analyzed and compared with the<br/>observed variability in 129 Operational Taxonomic Units (OTU´s) (VEN, MY, and PORT herbarium specimens,<br/>phototypes and taxa descriptions), resulting in a matrix of 209 quantitative and qualitative characters. OTU<br/>morphological variability was codified using Delta Editor and distance matrices were obtained with PAST<br/>software to establish the taxonomic delimitation using ordering and clustering multivariate analyses. The descriptions<br/>of OTUs recognized as belonging to each taxon in the multivariate analyses were consolidated using INTKEY.<br/>The latter were reintroduced into DELTA Editor to perform natural language descriptions, and to obtain both<br/>dichotomy and multi-input keys for the INTKEY software. The results confirmed the presence of 12 species of<br/>Merremia in Venezuela and allowed the recognition of new characters for differentiation among taxa.<br/><br/>Key words: DELTA, INTKEY, morphology, similiarity analysis. |
| 650 ## - ASSUNTO - THESAGRO | |
| Cabeçalho tópico ou nome geográfico | TAXONOMIA |
| 650 ## - ASSUNTO - THESAGRO | |
| Cabeçalho tópico ou nome geográfico | MORFOLOGIA VEGETAL |
| 650 ## - ASSUNTO - THESAGRO | |
| Cabeçalho tópico ou nome geográfico | PROGRAMA DE COMPUTADOR |
| 773 0# - ENTRADA ANALÍTICA | |
| Host Biblionumber | 709 |
| Registro do item | 346876 |
| Imprenta | Rio de Janeiro-RJ Jardim Botanico do Rio de Janeiro 1935 |
| Outro identificador | 2024-7673 |
| Título | Rodriguésia (Brazil) |
| ISSN | 0370-6583; 2175-7860 on-line |
| Colação | v. 61(4) p. 661-668; (2010) |
| Número de controle de registro | BR2024003716 |
| 856 ## - ACESSO E ENDEREÇO ELETRÔNICO | |
| Identificador uniforme de recurso - URI | https://www.scielo.br/j/rod/a/S3W6qPCSkxfLpSxgCJW7BCS/?format=pdf&lang=es |
Nenhum exemplar disponível.

BINAGRI